000 00900cam a22002653a 4500
001 38010
003 PGUSA
005 20140828083832.0
008 111114s2011||||xxu|||||s|||||000 | eng d
040 _aPGUSA
_beng
042 _adc
050 4 _aF1001
100 1 _aJewitt, John Rodgers,
_d1783-1821
245 1 4 _aThe Adventures of John Jewitt :
_bOnly Survivor of the Crew of the Ship Boston During a Captivity of Nearly Three Years Among the Indians of Nootka Sound in Vancouver Island
_h[electronic resource] /
_cJohn Rodgers Jewitt
260 _bProject Gutenberg,
_c2011
506 _aPublic domain in the USA.
516 _aElectronic text
653 _aIndian captivities
653 _aNootka Indians
653 _aNootka Sound (B.C.)
700 1 _aBrown, Robert,
_d1842-1895
830 0 _aProject Gutenberg
_v38010
856 4 0 _uhttp://www.gutenberg.org/ebooks/38010
942 _cEB
999 _c267264
_d267264